Loading...
| Literature - World | 0 | 6 | 0 | 0 | 60 | 62 | 111.00 | 0 | 1 | 0.00 | 0.00 |
| Science - Biology | 0 | 4 | 0 | 0 | 40 | 62 | 101.75 | 0 | 0 | 0.00 | 0.00 |
| Literature - European | 0 | 3 | 1 | 1 | 25 | 35 | 102.67 | 1 | 1 | 0.00 | 0.00 |
| Science - Chemistry | 0 | 2 | 1 | 1 | 15 | 139 | 142.00 | 0 | 0 | 0.00 | 0.00 |
| Literature - British | 0 | 2 | 1 | 1 | 15 | 104 | 130.50 | 0 | 0 | 0.00 | 0.00 |
| Social Science | 0 | 1 | 0 | 0 | 10 | 106 | 106.00 | 0 | 0 | 0.00 | 0.00 |
| Mythology | 0 | 1 | 0 | 0 | 10 | 112 | 112.00 | 0 | 0 | 0.00 | 0.00 |
| Other Academic | 0 | 1 | 0 | 1 | 10 | 146 | 146.00 | 0 | 0 | 0.00 | 0.00 |
| Science - Physics | 0 | 1 | 0 | 1 | 10 | 144 | 144.00 | 0 | 0 | 0.00 | 0.00 |
| Literature - American | 0 | 1 | 0 | 1 | 10 | 150 | 150.00 | 0 | 0 | 0.00 | 0.00 |